Central Library OPAC University of Rajshahi

শরৎচন্দ্রের চিন্তা-জগৎ ও তাঁহার সাহিত্য / (Record no. 40350)

MARC details
000 -LEADER
fixed length control field 01088nam a2200241 a 4500
001 - CONTROL NUMBER
control field 40350
003 - CONTROL NUMBER IDENTIFIER
rucl marc code BD-RjUL
005 - DATE AND TIME OF LATEST TRANSACTION
control field 20211209053210.0
008 - FIXED-LENGTH DATA ELEMENTS--GENERAL INFORMATION
fixed length control field 160430s1979 ii |||| |||| 001 0 ben d
020 ## - INTERNATIONAL STANDARD BOOK NUMBER
Terms of availability : IRs. 25.00
035 ## - SYSTEM CONTROL NUMBER
System control number (BD-RjUL)40465
040 ## - CATALOGING SOURCE
Original cataloging agency BD-RjUL
Language of cataloging ben
Transcribing agency BD-RjUL
041 ## - LANGUAGE CODE
Language code of text/sound track or separate title ben
082 ## - DEWEY DECIMAL CLASSIFICATION NUMBER
Edition number 23
Classification number 891.4409
Author mark and year BOS 1979
100 ## - MAIN ENTRY--PERSONAL NAME
Personal name বন্দোপাধ্যায়, শ্যামসুন্দর
9 (RLIN) 124309
245 10 - TITLE STATEMENT
Title শরৎচন্দ্রের চিন্তা-জগৎ ও তাঁহার সাহিত্য /
Statement of responsibility, etc. শ্যামসুন্দর বন্দোপাধ্যায়
260 ## - PUBLICATION, DISTRIBUTION, ETC. (IMPRINT)
Place of publication, distribution, etc. কলিকাতা :
Name of publisher, distributor, etc. জি. এ. এন্টারপ্রাইজ,
Date of publication, distribution, etc. ১৯৭৯
300 ## - PHYSICAL DESCRIPTION
Pagination বিভিন্ন রকম পৃ. ;
Size ২৪ সেমি.
500 ## - GENERAL NOTE
General note নির্দেশিকা সংযুক্ত
650 ## - SUBJECT ADDED ENTRY--TOPICAL TERM
Topical term or geographic name as entry element বাংলা সাহিত্য
General subdivision ইতিহাস ও সমালোচনা
9 (RLIN) 118060
Topical term or geographic name as entry element Bengali Literature
General subdivision History and Criticism
9 (RLIN) 117020
942 ## - ADDED ENTRY ELEMENTS (KOHA)
Source of classification or shelving scheme Dewey Decimal Classification
Koha item type Books
Holdings
Lost status Source of classification or shelving scheme Damaged status Not for loan Collection code Permanent Location Current Location Shelving location Date acquired Source of acquisition Cost, normal purchase price Total Checkouts Full call number Date last seen Copy number Koha item type
  Dewey Decimal Classification   Not For Loan Non-fiction Central Library, University of Rajshahi Central Library, University of Rajshahi Reading Room 28/05/1980 India, Inter,koli 25.00   B 891.4409 BOS 1979 30/04/2016 C-1 Books